Detalles MARC
| 000 -LEADER |
| campo de control de longitud fija |
03489cam a22005294i 4500 |
| 003 - IDENTIFICADOR DE NÚMERO DE CONTROL |
| campo de control |
PE-LiUPU |
| 005 - FECHA Y HORA DE LA ÚLTIMA TRANSACCIÓN |
| campo de control |
20250731173038.0 |
| 008 - DATOS DE LONGITUD FIJA--INFORMACIÓN GENERAL |
| campo de control de longitud fija |
170717s2017 ilu rb 001 0 eng |
| 020 ## - NÚMERO INTERNACIONAL ESTÁNDAR DEL LIBRO |
| Número Internacional Estándar del Libro |
0830851879 |
| 020 ## - NÚMERO INTERNACIONAL ESTÁNDAR DEL LIBRO |
| Número Internacional Estándar del Libro |
9780830851874 |
| 035 ## - NÚMERO DE CONTROL DEL SISTEMA |
| Número de control de sistema |
(Sirsi) i9780830851874 |
| 035 ## - NÚMERO DE CONTROL DEL SISTEMA |
| Número de control de sistema |
(OCoLC)994144695 |
| 040 ## - FUENTE DE CATALOGACIÓN |
| Centro catalogador/agencia de origen |
DLC |
| Lengua de catalogación |
spa |
| Normas de descripción |
rda |
| Centro/agencia transcriptor |
DLC |
| Centro/agencia modificador |
OCLCO |
| -- |
OCLCF |
| -- |
YDX |
| -- |
OCLCO |
| -- |
CNKUC |
| -- |
PE-LiUPU |
| 049 ## - FONDOS LOCALES (OCLC) |
| Biblioteca depositaria |
PRUA |
| 050 00 - SIGNATURA TOPOGRÁFICA DE LA BIBLIOTECA DEL CONGRESO |
| Número de clasificación |
BR100 |
| Número de ítem |
.M68 2017 |
| 082 00 - NÚMERO DE LA CLASIFICACIÓN DECIMAL DEWEY |
| Número de clasificación |
261.51 |
| Cutter |
M86 |
| Número de edición |
23 |
| 100 1# - ENTRADA PRINCIPAL--NOMBRE DE PERSONA |
| Nombre de persona |
Moreland, James Porter, |
| Fechas asociadas al nombre |
1948- , |
| Término indicativo de función/relación |
autor. |
| 245 10 - MENCIÓN DEL TÍTULO |
| Título |
Philosophical foundations for a Christian worldview / |
| Mención de responsabilidad, etc. |
J.P. Moreland, William Lane Craig. |
| 250 ## - MENCION DE EDICION |
| Mención de edición |
Second Edition. |
| 264 #1 - PRODUCCIÓN, PUBLICACIÓN, DISTRIBUCIÓN, FABRICACIÓN Y COPYRIGHT |
| Producción, publicación, distribución, fabricación y copyright |
Downers Grove, USA : |
| Nombre del de productor, editor, distribuidor, fabricante |
InterVarsity Press, |
| Fecha de producción, publicación, distribución, fabricación o copyright |
[2017] |
| 300 ## - DESCRIPCIÓN FÍSICA |
| Extensión |
xxi, 676 páginas ; |
| Dimensiones |
26 centímetros |
| 336 ## - TIPO DE CONTENIDO |
| Término de tipo de contenido |
text |
| Fuente |
rdacontent |
| 337 ## - TIPO DE MEDIO |
| Nombre/término del tipo de medio |
unmediated |
| Fuente |
rdamedia |
| 338 ## - TIPO DE SOPORTE |
| Nombre/término del tipo de soporte |
volume |
| Fuente |
rdacarrier |
| 504 ## - NOTA DE BIBLIOGRAFÍA, ETC. |
| Nota de bibliografía, etc. |
Índice : páginas 655-676. |
| 505 0# - NOTA DE CONTENIDO CON FORMATO |
| Nota de contenido con formato |
Part I: Introduction. What is Philosophy? -- Argumentation and Logic -- Part II: Epistemology. Knowledge and Rationality -- The Problem of Skepticism -- The Structure of Justification -- Theories of Truth and Postmodernism -- Religious Epistemology -- Part III: Metaphysics. What is Metaphysics? -- General Ontology: Existence, Identity, and Reductionism -- General Ontology: Two Categories- Property and Substance -- The Mind-Body Problem IA: Consciousness and Property Dualism or Mere-Property Dualism -- The Mind-Body Problem IB: Physicalist Alternatives to Property Dualism or Mere-Property Dualism -- The Mind-Body Problem IIA: Arguments Regarding and Versions of Substance Dualism -- The Mind-Body Problem IIB: The Main Physicalist Alternatives to Substance Dualism -- Free Will and Determinism -- Personal Identity and Life After Death -- Part IV:Philosophy of Science. Scientific Methodology -- The Realism-Antirealism Debate -- Philosophy and the Integration of Science and Theology -- Philosophy of Time and Space -- Part V: Ethics. Ethics, Morality, and Metaethics -- Ethical Relativism and Absolutism -- Normative Ethical Theories: Egoism and Utilitariansim -- Normative Ethical Theories: Deontological and Virtue Ethics -- Part VI: Philosophy of Religion and Philosophical Theology. The Existence of God I -- The Existence of God II -- The Coherence of Theism I -- The Coherence of Theism II -- The Problem of Evil -- Creation, Providence, and Miracle -- Christian Doctrines I: The Trinity -- Christian Doctrines II: The Incarnation -- Christian Doctrines III: Atonement -- Christian Doctrines IV: Christian Particularism -- Suggestions for Further Reading. |
| 526 ## - NOTA DE INFORMACIÓN SOBRE EL PROGRAMA DE ESTUDIO |
| Nombre del programa |
Segunda Especialidad En Profecías Bíblicas |
| 526 ## - NOTA DE INFORMACIÓN SOBRE EL PROGRAMA DE ESTUDIO |
| Nombre del programa |
Segunda Especialidad En Nuevo Testamento |
| 526 ## - NOTA DE INFORMACIÓN SOBRE EL PROGRAMA DE ESTUDIO |
| Nombre del programa |
Segunda Especialidad En Antiguo Testamento |
| 526 ## - NOTA DE INFORMACIÓN SOBRE EL PROGRAMA DE ESTUDIO |
| Nombre del programa |
Segunda Especialidad En Estudios Adventistas |
| 526 ## - NOTA DE INFORMACIÓN SOBRE EL PROGRAMA DE ESTUDIO |
| Nombre del programa |
Doctorado en teología |
| 526 ## - NOTA DE INFORMACIÓN SOBRE EL PROGRAMA DE ESTUDIO |
| Nombre del programa |
Maestría en teología histórica |
| 526 ## - NOTA DE INFORMACIÓN SOBRE EL PROGRAMA DE ESTUDIO |
| Nombre del programa |
Maestría en teología bíblica |
| 526 ## - NOTA DE INFORMACIÓN SOBRE EL PROGRAMA DE ESTUDIO |
| Nombre del programa |
Maestría en teología |
| 526 ## - NOTA DE INFORMACIÓN SOBRE EL PROGRAMA DE ESTUDIO |
| Nombre del programa |
Maestría en misionología |
| 526 ## - NOTA DE INFORMACIÓN SOBRE EL PROGRAMA DE ESTUDIO |
| Nombre del programa |
Maestría en liderazgo eclesiástico |
| 526 ## - NOTA DE INFORMACIÓN SOBRE EL PROGRAMA DE ESTUDIO |
| Nombre del programa |
Teología |
| 596 ## - |
| -- |
1 |
| 650 #4 - PUNTO DE ACCESO ADICIONAL DE MATERIA--TÉRMINO DE MATERIA |
| Término de materia o nombre geográfico como elemento de entrada |
Cristianismo |
| Subdivisión general |
Filosofía. |
| 650 #7 - PUNTO DE ACCESO ADICIONAL DE MATERIA--TÉRMINO DE MATERIA |
| Término de materia o nombre geográfico como elemento de entrada |
Christianity |
| Subdivisión general |
Philosophy. |
| Fuente del encabezamiento o término |
fast |
| Número de control del registro de autoridad o número normalizado |
(OCoLC)fst00859625 |
| 910 ## - DATOS DE OPCIÓN DEL USUARIO (OCLC) |
| Datos de opción del usuario |
dbm |
| -- |
ebj |
| -- |
ebj |
| -- |
20171214 |
| 942 ## - ELEMENTOS DE ENTRADA SECUNDARIOS (KOHA) |
| Fuente del sistema de clasificación o colocación |
Clasificación Decimal Dewey |
| Tipo de ítem Koha |
|
| 949 ## - PROCESAMIENTO DE INFORMACIÓN LOCAL (OCLC) |
| a |
261.51 M86 |
| w |
DEWEY |
| c |
1 |
| i |
77566 |
| l |
CATALOGING |
| m |
BUL |
| p |
42.35 |
| r |
0 |
| s |
Y |
| t |
BOOK |
| u |
2017-12-14 |
| x |
POSGRADO |
| -- |
P85 |
| 0 |
DONACION |
| o |
.STAFF. Colección Teología. |
| 994 ## - |
| -- |
C0 |
| -- |
PEPRU |
| 999 ## - NÚMEROS DE CONTROL DE SISTEMA (KOHA) |
| -- |
DEWEY |
| -- |
77566 |
| -- |
2018-10-15 |
| -- |
2021-11-10 |
| -- |
4 |
| -- |
CCODEBUL1 |
| -- |
BUL |
| -- |
1 |
| -- |
42.35 |
| -- |
6 |
| -- |
0 |
| -- |
Y |
| -- |
BOOK |
| -- |
2017-12-14 |
| -- |
TEOLOGIA |
| -- |
P85 |
| -- |
DONACION |
| -- |
.STAFF. Colección Teología. |
| 980 ## - EQUIVALENCIA O REFERENCIA-CRUZADA-MENCIÓN DE SERIE--NOMBRE DE PERSONA/TÍTULO [LOCAL, CANADÁ] |
| ID del último usuario que modificó el registro |
1 |
| Nombre del último usuario que modificó el registro |
ALBERTO SANCHEZ Responsable de Automatización |